[Event "9th North Sea Cup"]
[Site "Esbjerg DEN"]
[Date "1984.07.??"]
[Round "6"]
[White "Hansen, Curt"]
[Black "Wiedenkeller, Michael"]
[Result "0-1"]
[WhiteElo "2505"]
[BlackElo "2460"]
[EventDate "1984.07.??"]
[PlyCount "84"]

1.d4 Nf6 2.Nf3 d5 3.c4 e6 4.Nc3 Bb4 5.Qa4+ Nc6 6.Bg5 h6 7.Bxf6 Qxf6 8.cxd5
Bxc3+ 9.bxc3 exd5 10.e3 O-O 11.Be2 b6 12.c4 Ne7 13.O-O Bb7 14.cxd5 Nxd5 
15.Rac1 c5 16.Rfd1 Rfc8 17.Ba6 b5 18.Bxb5 Nb6 19.Qb3 c4 20.Qb4 Bxf3 21.
gxf3 a5 22.Qb1 Qxf3 23.e4 Rd8 24.Bxc4 Nxc4 25.Rxc4 Ra6 26.Qd3 Rg6+ 27.Kf1 
Qg2+ 28.Ke2 Rg4 29.d5 Re8 30.Ke3 Rh4 31.f3 f5 32.Qe2 Qg5+ 33.Kd3 fxe4+ 34.
fxe4 Qe5 35.Qf3 Rxh2 36.Rd2 Rf8 37.Qe3 Rh1 38.Qd4 Qg3+ 39.Kc2 Rff1 40.Qd3 
Qb8 41.Kc3 Rc1+ 42.Rc2 Rh2 0-1

[Event "9th North Sea Cup"]
[Site "Esbjerg DEN"]
[Date "1984.07.??"]
[Round "6"]
[White "Karlsson, Lars"]
[Black "Kristiansen, Jens"]
[Result "1/2-1/2"]
[WhiteElo "2500"]
[BlackElo "2445"]
[EventDate "1984.07.??"]
[PlyCount "121"]

1.c4 Nf6 2.Nc3 g6 3.g3 Bg7 4.Bg2 O-O 5.d3 d6 6.Nf3 c6 7.O-O a5 8.Bd2 Nbd7 
9.a3 d5 10.cxd5 Nxd5 11.Rc1 N7b6 12.Qc2 Bg4 13.h3 Bxf3 14.Bxf3 a4 15.Rb1 
Nc7 16.Ne4 Nb5 17.e3 Qb8 18.Nc5 Rd8 19.Bb4 Qa7 20.Rfd1 Nd5 21.Be1 b6 22.
Ne4 c5 23.Qc4 Nbc7 24.Rdc1 e6 25.h4 h6 26.Bc3 b5 27.Qxc5 Nxc3 28.Rxc3 Bxc3
29.Qxc3 Nd5 30.Nf6+ Nxf6 31.Qxf6 Rac8 32.h5 gxh5 33.Be4 Qd7 34.Kg2 Qd6 35.
Qxh6 f5 36.Rh1 Rc7 37.Rxh5 Rg7 38.Bf3 Qe7 39.Qf4 Rh7 40.Rxh7 Kxh7 41.d4 
Qd6 42.Qh4+ Kg7 43.Qg5+ Kf8 44.d5 exd5 45.Qxf5+ Kg7 46.Qd3 Qc5 47.Qf5 Qd6 
48.Qg5+ Kf8 49.e4 dxe4 50.Bxe4 Rb8 51.Qf5+ Ke7 52.Qh7+ Kd8 53.g4 Qe5 54.
Bc6 Qe6 55.Bf3 Qe5 56.Qh6 Ke7 57.Qh7+ Kd8 58.Qf7 Rb6 59.Qg8+ Ke7 60.Qh7+ 
Kf8 61.Qd7 1/2-1/2

[Event "9th North Sea Cup"]
[Site "Esbjerg DEN"]
[Date "1984.07.??"]
[Round "6"]
[White "Mestel, Andrew Jonathan"]
[Black "Jakobsen, Ole"]
[Result "1-0"]
[WhiteElo "2545"]
[BlackElo "2435"]
[EventDate "1984.07.??"]
[PlyCount "121"]

1.e4 e5 2.Bc4 Nf6 3.d3 Nc6 4.Nf3 Bc5 5.c3 a6 6.O-O d6 7.Nbd2 O-O 8.Re1 Ba7
9.a4 Qe7 10.Bb3 Be6 11.Nc4 b5 12.Ne3 Qd7 13.Ng5 Bxb3 14.Qxb3 Ne7 15.Bd2 h6
16.Nf3 Bxe3 17.Bxe3 c5 18.Ra2 Qc6 19.Qc2 Rfb8 20.h3 Ng6 21.Nd2 c4 22.Rea1 
cxd3 23.Qxd3 b4 24.c4 a5 25.Rd1 Nf8 26.b3 Ne6 27.f3 Rd8 28.Nf1 Kh7 29.Rad2
Rd7 30.Bf2 Nc5 31.Qc2 g6 32.Ne3 Rc8 33.Nd5 Ng8 34.Kh1 Rf8 35.Bh4 Kg7 36.
Qb2 f6 37.Bf2 Rff7 38.g4 Rf8 39.Rg1 Ne7 40.Nxe7 Rxe7 41.Rd5 Rd7 42.Rgd1 
Rfd8 43.Be3 Kh7 44.Qc2 Kg7 45.Kg2 Qc7 46.R1d2 Kf7 47.Qd1 Ke7 48.h4 g5 49.
Kg3 Ke6 50.Rh2 Rg8 51.hxg5 hxg5 52.Rh6 Rdd8 53.Bxc5 dxc5 54.Qg1 Rc8 55.Qh1
Rg7 56.Rh8 Rd7 57.Rh2 Rcd8 58.Rhd2 Qb8 59.Qh5 Rd6 60.Qg6 R8d7 61.Rxe5+ 1-0

[Event "9th North Sea Cup"]
[Site "Esbjerg DEN"]
[Date "1984.07.??"]
[Round "7"]
[White "Jakobsen, Ole"]
[Black "Karlsson, Lars"]
[Result "0-1"]
[WhiteElo "2435"]
[BlackElo "2500"]
[EventDate "1984.07.??"]
[PlyCount "80"]

1.Nf3 c5 2.c4 Nc6 3.Nc3 e5 4.g3 g6 5.Bg2 Bg7 6.d3 Nge7 7.Nd2 d6 8.Nf1 O-O 
9.Ne3 a6 10.Ned5 Rb8 11.a4 h6 12.Bd2 Be6 13.O-O b6 14.Rb1 Nb4 15.Nxb4 cxb4
16.Nd5 Bxd5 17.cxd5 a5 18.Qb3 Qd7 19.Rfc1 Rfc8 20.Rxc8+ Rxc8 21.Rc1 Rxc1+ 
22.Bxc1 b5 23.axb5 Qxb5 24.e4 a4 25.Qc4 Qxc4 26.dxc4 Bf6 27.Bd2 a3 28.bxa3
bxa3 29.Bb4 a2 30.Bc3 Nc8 31.Bf1 Nb6 32.Bd3 Na4 33.Ba1 Nc5 34.Bc2 Bg5 35.
h4 Bd8 36.Kf1 f5 37.f3 f4 38.Kg2 Kf7 39.Kh3 fxg3 40.Kxg3 h5 0-1

[Event "9th North Sea Cup"]
[Site "Esbjerg DEN"]
[Date "1984.07.??"]
[Round "7"]
[White "Kristiansen, Jens"]
[Black "Fries-Nielsen, Jens Ove"]
[Result "1-0"]
[WhiteElo "2445"]
[BlackElo "2380"]
[EventDate "1984.07.??"]
[PlyCount "67"]

1.e4 g6 2.d4 Bg7 3.Nf3 d6 4.Be2 Nd7 5.O-O e6 6.c4 Ne7 7.Nc3 O-O 8.Be3 b6 
9.Qd2 Bb7 10.Bh6 a5 11.Rae1 f6 12.Bxg7 Kxg7 13.Bd3 h6 14.d5 e5 15.Nh4 g5 
16.Nf5+ Nxf5 17.exf5 h5 18.g3 Rh8 19.f4 gxf4 20.gxf4 Kf7 21.Kh1 Qe7 22.Nb5
Nc5 23.Be2 Rag8 24.Bf3 Qd7 25.Qc2 h4 26.Rg1 Rg3 27.Be2 exf4 28.Nd4 Ke8 29.
Bh5+ Kd8 30.hxg3 hxg3 31.Qe2 Qh7 32.Kg2 Qxh5 33.Qe7+ Kc8 34.Rh1 1-0

[Event "9th North Sea Cup"]
[Site "Esbjerg DEN"]
[Date "1984.07.??"]
[Round "7"]
[White "Miles, Anthony John"]
[Black "Csom, Istvan"]
[Result "1/2-1/2"]
[WhiteElo "2565"]
[BlackElo "2500"]
[EventDate "1984.07.??"]
[PlyCount "115"]

1.d4 Nf6 2.c4 e6 3.Nc3 Bb4 4.e3 c5 5.Ne2 cxd4 6.exd4 O-O 7.a3 Be7 8.d5 
exd5 9.cxd5 Re8 10.d6 Bf8 11.g3 b6 12.Bg2 Nc6 13.O-O Ba6 14.Re1 Rc8 15.Bf4
Ne5 16.Qa4 Bc4 17.Red1 Ng6 18.Rd2 a5 19.Qd1 b5 20.Be3 b4 21.axb4 axb4 22.
Nd5 Nxd5 23.Bxd5 Bxd5 24.Rxd5 Ne5 25.Ra6 Ra8 26.Rxa8 Qxa8 27.Nf4 Nc4 28.
Bd4 Re4 29.b3 Qe8 30.Kg2 Re1 31.Qd3 Ne5 32.Bxe5 Rxe5 33.Rd4 Qb8 34.Nd5 
Qxd6 35.Nxb4 Qb8 36.Nc2 Qb7+ 37.Qf3 Qc7 38.Ne3 Qc6 39.Rc4 Qxf3+ 40.Kxf3 
Rb5 41.Rc3 g6 42.Rd3 f5 43.h3 Rb7 44.g4 fxg4+ 45.hxg4 Kf7 46.Nd5 Rb8 47.g5
Bg7 48.b4 h6 49.gxh6 Bxh6 50.Ke4 Bf8 51.Rf3+ Kg7 52.Rb3 Bc5 53.f3 Kf7 54.
Kd3 Bd6 55.b5 Ke6 56.Ke4 Rc8 57.Ne3 Rf8 58.Nc2 1/2-1/2

[Event "9th North Sea Cup"]
[Site "Esbjerg DEN"]
[Date "1984.07.??"]
[Round "7"]
[White "Mortensen, Erling"]
[Black "Hansen, Curt"]
[Result "1/2-1/2"]
[WhiteElo "2445"]
[BlackElo "2505"]
[EventDate "1984.07.??"]
[PlyCount "44"]

1.e4 Nf6 2.e5 Nd5 3.d4 d6 4.c4 Nb6 5.exd6 exd6 6.Nc3 Be7 7.Nf3 O-O 8.Be2 
Bg4 9.O-O Nc6 10.b3 Bf6 11.Be3 d5 12.c5 Nc8 13.h3 Be6 14.Qd2 b6 15.Na4 
N8e7 16.g4 Ng6 17.Rac1 Bd7 18.Nc3 bxc5 19.Nxd5 Bxd4 20.Bxd4 cxd4 21.Nxd4 
Nxd4 22.Qxd4 Be6 1/2-1/2

[Event "9th North Sea Cup"]
[Site "Esbjerg DEN"]
[Date "1984.07.??"]
[Round "7"]
[White "Short, Nigel David"]
[Black "Arnason, Jon Loftur"]
[Result "1-0"]
[WhiteElo "2510"]
[BlackElo "2505"]
[EventDate "1984.07.??"]
[PlyCount "109"]

1.e4 c5 2.Nf3 d6 3.d4 cxd4 4.Nxd4 Nf6 5.Nc3 a6 6.Be3 Qc7 7.a4 Nc6 8.Nb3 
Nb4 9.a5 Nxe4 10.Nxe4 Nxc2+ 11.Kd2 Nxa1 12.Qxa1 d5 13.Nec5 e5 14.Qa4+ Bd7 
15.Nxd7 Qxd7 16.Qxd7+ Kxd7 17.Bd3 d4 18.Bf5+ Kd6 19.Bg5 f6 20.Bh4 b6 21.
Kd3 bxa5 22.Nxa5 Rb8 23.Rc1 Kd5 24.Rc6 Rb3+ 25.Kc2 Rb5 26.Be6+ Ke4 27.Nc4 
d3+ 28.Kd1 Kf4 29.Nd2 e4 30.Bg3+ Kg5 31.Nxe4+ Kg6 32.b3 Ra5 33.Kd2 Bb4+ 
34.Kxd3 Ra2 35.Ke3 Rd8 36.Rc7 h6 37.h4 Rf8 38.h5+ Kh7 39.Bd6 Bxd6 40.Nxd6 
Ra5 41.Bf5+ Kh8 42.g4 Rb8 43.Kf4 Ra2 44.Bc2 a5 45.Kf5 Kh7 46.Ke6+ Kg8 47.
f3 Ra3 48.Kf5 Kh7 49.Kf4+ Kh8 50.Nf5 Ra2 51.Be4 a4 52.bxa4 Rxa4 53.Nxg7 
Ra5 54.Nf5 Ra3 55.Rc6 1-0

[Event "9th North Sea Cup"]
[Site "Esbjerg DEN"]
[Date "1984.07.??"]
[Round "7"]
[White "Wiedenkeller, Michael"]
[Black "Mestel, Andrew Jonathan"]
[Result "0-1"]
[WhiteElo "2460"]
[BlackElo "2545"]
[EventDate "1984.07.??"]
[PlyCount "80"]

1.d4 Nf6 2.Nf3 g6 3.Nc3 d5 4.Bf4 Bg7 5.e3 b6 6.Bb5+ c6 7.Bxb8 cxb5 8.Be5 
a6 9.Ne2 O-O 10.h4 h5 11.Ng5 Ne4 12.Bxg7 Kxg7 13.Nxe4 dxe4 14.d5 e5 15.Qd2
Bg4 16.O-O-O Rc8 17.Rde1 Rc5 18.Nc3 Qd7 19.Rhf1 Rfc8 20.f3 exf3 21.gxf3 b4
22.Ne4 Rxc2+ 23.Qxc2 Rxc2+ 24.Kxc2 Bh3 25.Rg1 Qxd5 26.Ng5 Bd7 27.Kb1 f6 
28.Rd1 Qb7 29.Rd6 fxg5 30.Rxg5 Be8 31.Rxe5 Bf7 32.Re4 Qc7 33.Red4 Qc5 34.
e4 b3 35.Rd1 bxa2+ 36.Ka1 Bb3 37.Rd7+ Kh6 38.Re1 Qf2 39.Rc1 Qxh4 40.e5 Qf4
0-1

[Event "9th North Sea Cup"]
[Site "Esbjerg DEN"]
[Date "1984.07.??"]
[Round "8"]
[White "Arnason, Jon Loftur"]
[Black "Kristiansen, Jens"]
[Result "0-1"]
[WhiteElo "2505"]
[BlackElo "2445"]
[EventDate "1984.07.??"]
[PlyCount "80"]

1.e4 c5 2.Nf3 Nc6 3.d4 cxd4 4.Nxd4 Nf6 5.Nc3 d6 6.Bg5 Bd7 7.h4 Qb6 8.Nb3 
e6 9.Qe2 Be7 10.O-O-O a6 11.g4 Qc7 12.Bd2 h6 13.Bg2 h5 14.g5 Ng4 15.f3 
Nge5 16.f4 Ng4 17.Bf3 b5 18.Bxg4 hxg4 19.Qxg4 b4 20.Ne2 a5 21.Kb1 Rc8 22.
c3 a4 23.Nbc1 Na7 24.Qf3 Nb5 25.Rh3 e5 26.f5 d5 27.g6 f6 28.exd5 Nd4 29.
Nxd4 exd4 30.Re1 bxc3 31.bxc3 Kd8 32.Ka1 Qb6 33.Qe4 Ba3 34.Nd3 Re8 35.Qxd4
Rxe1+ 36.Bxe1 Qxd4 37.cxd4 Bxf5 38.Ba5+ Kd7 39.Ne5+ fxe5 40.Rxa3 Rb8 0-1

[Event "9th North Sea Cup"]
[Site "Esbjerg DEN"]
[Date "1984.07.??"]
[Round "8"]
[White "Csom, Istvan"]
[Black "Hansen, Curt"]
[Result "1/2-1/2"]
[WhiteElo "2500"]
[BlackElo "2505"]
[EventDate "1984.07.??"]
[PlyCount "56"]

1.c4 e5 2.Nc3 Nf6 3.Nf3 Nc6 4.d3 g6 5.g3 Bg7 6.Bg2 O-O 7.O-O d6 8.Rb1 a5 
9.a3 Re8 10.e4 Bg4 11.h3 Bxf3 12.Bxf3 Nd7 13.Be3 Nc5 14.b4 axb4 15.axb4 
Ne6 16.Bg4 Ncd4 17.Ne2 f5 18.exf5 gxf5 19.Bh5 Nxe2+ 20.Qxe2 Rf8 21.Bf3 c6 
22.b5 Rc8 23.bxc6 bxc6 24.Bg2 f4 25.Qg4 Qf6 26.Bc1 Nd4 27.gxf4 exf4 28.Bb2
f3 1/2-1/2

[Event "9th North Sea Cup"]
[Site "Esbjerg DEN"]
[Date "1984.07.??"]
[Round "8"]
[White "Fries-Nielsen, Jens Ove"]
[Black "Jakobsen, Ole"]
[Result "0-1"]
[WhiteElo "2380"]
[BlackElo "2435"]
[EventDate "1984.07.??"]
[PlyCount "80"]

1.e4 c5 2.Nf3 e6 3.d4 cxd4 4.Nxd4 d6 5.c4 Nf6 6.Nc3 Be7 7.Bd3 O-O 8.O-O b6
9.b3 Bb7 10.Bb2 Nbd7 11.Qe2 Re8 12.Rad1 Bf8 13.Bb1 a6 14.Rfe1 Qc7 15.Nc2 
Rad8 16.Ne3 g6 17.a3 Bg7 18.b4 Nh5 19.Ba2 Ndf6 20.Bb1 Rc8 21.Rc1 Qb8 22.
Red1 Bh6 23.g3 Red8 24.Ba1 Bg7 25.Ng2 Nd7 26.Ba2 Nhf6 27.h3 Qa8 28.Re1 b5 
29.cxb5 Nxe4 30.Nxe4 Rxc1 31.Rxc1 Bxa1 32.Nxd6 Bxg2 33.Nxf7 Bxh3 34.Rc6 
Kxf7 35.Bxe6+ Bxe6 36.Qxe6+ Kf8 37.bxa6 Ne5 38.Rd6 Nf3+ 39.Kf1 Nd2+ 40.Kg1
Nf3+ 0-1

[Event "9th North Sea Cup"]
[Site "Esbjerg DEN"]
[Date "1984.07.??"]
[Round "8"]
[White "Karlsson, Lars"]
[Black "Wiedenkeller, Michael"]
[Result "1/2-1/2"]
[WhiteElo "2500"]
[BlackElo "2460"]
[EventDate "1984.07.??"]
[PlyCount "25"]

1.c4 Nf6 2.Nf3 e6 3.b3 Be7 4.Bb2 O-O 5.e3 b6 6.Be2 Bb7 7.O-O d5 8.Ne5 c5 
9.f4 Nc6 10.d3 Nd7 11.Nxd7 Qxd7 12.Nd2 d4 13.e4 1/2-1/2

[Event "9th North Sea Cup"]
[Site "Esbjerg DEN"]
[Date "1984.07.??"]
[Round "8"]
[White "Mestel, Andrew Jonathan"]
[Black "Mortensen, Erling"]
[Result "1-0"]
[WhiteElo "2545"]
[BlackElo "2445"]
[EventDate "1984.07.??"]
[PlyCount "79"]

1.c4 g6 2.d4 Nf6 3.Nc3 Bg7 4.e4 d6 5.f3 O-O 6.Bg5 c5 7.d5 e6 8.Qd2 exd5 9.
cxd5 h6 10.Be3 a6 11.a4 Nh7 12.Nge2 Nd7 13.Nf4 Ne5 14.Be2 Nf6 15.b3 Qe7 
16.Nd3 Nxd3+ 17.Bxd3 Bd7 18.O-O g5 19.a5 Nh5 20.Rae1 Nf4 21.Bc4 Rae8 22.
Nd1 Ng6 23.Bf2 Ne5 24.Ne3 Qd8 25.b4 Nxc4 26.Nxc4 Bb5 27.Rc1 f5 28.bxc5 
fxe4 29.Nxd6 exf3 30.Nxe8 fxg2 31.Rfe1 Bxe8 32.d6 Bc6 33.Re7 Rf7 34.Qa2 
Qf8 35.Rb1 Bf6 36.Rbxb7 Bxe7 37.Rxe7 Kg7 38.Bd4+ Kg8 39.Qe6 Qxe7 40.dxe7 
1-0

[Event "9th North Sea Cup"]
[Site "Esbjerg DEN"]
[Date "1984.07.??"]
[Round "8"]
[White "Miles, Anthony John"]
[Black "Short, Nigel David"]
[Result "0-1"]
[WhiteElo "2565"]
[BlackElo "2510"]
[EventDate "1984.07.??"]
[PlyCount "88"]

1.d4 e6 2.c4 Nf6 3.Nc3 Bb4 4.e3 c5 5.Ne2 cxd4 6.exd4 d5 7.c5 Ne4 8.Bd2 
Nxd2 9.Qxd2 a5 10.a3 Bxc3 11.Nxc3 a4 12.Bb5+ Bd7 13.O-O O-O 14.f4 g6 15.
Rae1 Bxb5 16.Nxb5 b6 17.g4 bxc5 18.f5 exf5 19.dxc5 Na6 20.gxf5 Nxc5 21.
fxg6 hxg6 22.Qh6 Ne4 23.Re3 Rb8 24.Nc3 Rxb2 25.Kh1 Qg5 26.Qxg5 Nxg5 27.
Nxd5 Rd8 28.Rd3 Kg7 29.Rf4 Nh3 30.Rxh3 Rxd5 31.Rhf3 Rd1+ 32.Rf1 Rxf1+ 33.
Rxf1 Ra2 34.Rf3 g5 35.Rc3 Kg6 36.Kg1 f5 37.Rc6+ Kh5 38.Rc3 f4 39.Rd3 Kg4 
40.Rc3 Rb2 41.Rc4 Rb3 42.Rxa4 Kf3 43.Rb4 Rxb4 44.axb4 Ke2 0-1

[Event "9th North Sea Cup"]
[Site "Esbjerg DEN"]
[Date "1984.07.??"]
[Round "9"]
[White "Hansen, Curt"]
[Black "Mestel, Andrew Jonathan"]
[Result "1/2-1/2"]
[WhiteElo "2505"]
[BlackElo "2545"]
[EventDate "1984.07.??"]
[PlyCount "67"]

1.c4 g6 2.g3 Bg7 3.Nf3 d6 4.Nc3 Nc6 5.Bg2 e5 6.d3 f5 7.Rb1 Nf6 8.b4 a6 9.
O-O O-O 10.a4 h6 11.b5 axb5 12.axb5 Ne7 13.Bb2 g5 14.Ra1 Rb8 15.Ra7 Be6 
16.Nd2 b6 17.Na2 Rc8 18.Nb4 f4 19.d4 exd4 20.Bxd4 Nf5 21.Bb2 fxg3 22.hxg3 
Ng4 23.Bxg7 Nxg7 24.Nd5 Kh8 25.Nf3 Bxd5 26.cxd5 Qe8 27.Bh3 Qh5 28.Bxg4 
Qxg4 29.Kg2 Qe4 30.Ra4 Qf5 31.e4 Qf6 32.Nd4 Rce8 33.Qd3 g4 34.Rc4 1/2-1/2

[Event "9th North Sea Cup"]
[Site "Esbjerg DEN"]
[Date "1984.07.??"]
[Round "9"]
[White "Jakobsen, Ole"]
[Black "Arnason, Jon Loftur"]
[Result "0-1"]
[WhiteElo "2435"]
[BlackElo "2505"]
[EventDate "1984.07.??"]
[PlyCount "76"]

1.Nf3 Nf6 2.c4 e6 3.Nc3 Bb4 4.Qc2 O-O 5.a3 Bxc3 6.Qxc3 b6 7.b3 Bb7 8.Bb2 
d6 9.e3 Nbd7 10.Be2 e5 11.d3 Ne8 12.d4 e4 13.Nd2 f5 14.O-O-O Qg5 15.Rdg1 
Nef6 16.f4 exf3 17.gxf3 Qh6 18.h4 Rae8 19.Rg5 Rf7 20.Bd1 Ng4 21.e4 Nf2 22.
Rh2 Nxd1 23.Kxd1 fxe4 24.fxe4 Bxe4 25.d5 Bg6 26.Qg3 Rfe7 27.Rh1 Nc5 28.Bd4
Ne4 29.Nxe4 Rxe4 30.Bb2 Bh5+ 31.Kc1 Rg4 32.Qc3 Rxg5 33.hxg5 Qxg5+ 34.Kb1 
Re3 35.Qd2 Bg6+ 36.Ka2 Qg3 37.Qd4 Bc2 38.b4 Rxa3+ 0-1

[Event "9th North Sea Cup"]
[Site "Esbjerg DEN"]
[Date "1984.07.??"]
[Round "9"]
[White "Mortensen, Erling"]
[Black "Karlsson, Lars"]
[Result "0-1"]
[WhiteElo "2445"]
[BlackElo "2500"]
[EventDate "1984.07.??"]
[PlyCount "56"]

1.e4 c5 2.Nf3 d6 3.d4 Nf6 4.Nc3 cxd4 5.Nxd4 g6 6.Be3 Bg7 7.f3 Nc6 8.Qd2 
O-O 9.Bc4 Bd7 10.O-O-O Rc8 11.Bb3 Ne5 12.g4 b5 13.h4 b4 14.Nb1 a5 15.a4 
bxa3 16.Nxa3 Qb6 17.Ba2 Qb7 18.Qg2 Rb8 19.c3 Rfc8 20.h5 Nxf3 21.hxg6 hxg6 
22.Nxf3 Nxe4 23.Bd5 Qb4 24.Bxe4 Rxc3+ 25.Nc2 Rxc2+ 26.Qxc2 Bxb2+ 27.Kb1 
Bd4+ 28.Kc1 Qa3+ 0-1

[Event "9th North Sea Cup"]
[Site "Esbjerg DEN"]
[Date "1984.07.??"]
[Round "9"]
[White "Short, Nigel David"]
[Black "Csom, Istvan"]
[Result "1/2-1/2"]
[WhiteElo "2510"]
[BlackElo "2500"]
[EventDate "1984.07.??"]
[PlyCount "107"]

1.e4 c5 2.Nf3 d6 3.c3 Nf6 4.Bd3 Nc6 5.Bc2 Bg4 6.d3 e6 7.Nbd2 Be7 8.h3 Bh5 
9.g4 Bg6 10.Nh4 d5 11.Nxg6 hxg6 12.Kf1 Qc7 13.Kg2 O-O-O 14.Qe2 Bd6 15.a3 
Bf4 16.Nb3 dxe4 17.dxe4 Nd7 18.Be3 g5 19.Nd2 Nde5 20.Bxf4 gxf4 21.Rad1 g5 
22.f3 Ne7 23.Nc4 N7g6 24.Rxd8+ Rxd8 25.Nxe5 Nxe5 26.Rd1 Rxd1 27.Bxd1 Qd6 
28.Bc2 Kc7 29.Kf1 Qb6 30.Bd1 c4 31.Qd2 Qd6 32.Qxd6+ Kxd6 33.Bc2 b5 34.Ke1 
Kc5 35.Kd2 a5 36.Ke2 Ng6 37.Kd2 Nf8 38.Bd1 Nd7 39.Be2 Nb6 40.Bd1 Kc6 41.
Be2 Na4 42.Kc2 Nc5 43.Bf1 Kd6 44.Be2 Kc7 45.Bf1 Kc6 46.Be2 Kd6 47.Kd2 a4 
48.Ke1 Kc6 49.Kd2 Kd7 50.Kd1 Ke7 51.Kd2 Kf8 52.Bd1 Nd3 53.Bc2 Ne5 54.Ke2 
1/2-1/2

[Event "9th North Sea Cup"]
[Site "Esbjerg DEN"]
[Date "1984.07.??"]
[Round "9"]
[White "Wiedenkeller, Michael"]
[Black "Fries-Nielsen, Jens Ove"]
[Result "1-0"]
[WhiteElo "2460"]
[BlackElo "2380"]
[EventDate "1984.07.??"]
[PlyCount "111"]

1.d4 Nf6 2.c4 g6 3.Nc3 Bg7 4.e4 d6 5.f3 a6 6.Be3 Nc6 7.Nge2 Rb8 8.a3 O-O 
9.b4 e6 10.Qd2 h5 11.g3 b5 12.cxb5 axb5 13.Bg2 Nd7 14.Bg5 Qe8 15.Bh6 Ne7 
16.Bxg7 Kxg7 17.O-O Nb6 18.Qg5 Bd7 19.Nf4 Rh8 20.e5 Ng8 21.g4 hxg4 22.fxg4
Qe7 23.Nh5+ Rxh5 24.Qxe7 Nxe7 25.gxh5 gxh5 26.exd6 cxd6 27.Ne4 Nf5 28.Rxf5
exf5 29.Nxd6 Kf6 30.Rc1 Rg8 31.Rc5 Na4 32.Rc7 Be6 33.Nxb5 Bd5 34.Rc2 Be4 
35.Rf2 h4 36.Nd6 Bxg2 37.Rxg2 Rd8 38.Nc4 Rxd4 39.Rc2 Rd3 40.Nb2 Nxb2 41.
Rxb2 Rxa3 42.b5 Ra7 43.Kg2 Ke5 44.Kh3 Kf4 45.Rb4+ Kf3 46.Rb3+ Kf2 47.Kxh4 
f6 48.Kh5 Kg2 49.Rb2+ Kf3 50.Kg6 f4 51.Kf5 Ra4 52.b6 Ra5+ 53.Kxf6 Ra8 54.
b7 Rb8 55.Ke5 Re8+ 56.Kd6 1-0

[Event "9th North Sea Cup"]
[Site "Esbjerg DEN"]
[Date "1984.07.??"]
[Round "10"]
[White "Arnason, Jon Loftur"]
[Black "Wiedenkeller, Michael"]
[Result "1/2-1/2"]
[WhiteElo "2505"]
[BlackElo "2460"]
[EventDate "1984.07.??"]
[PlyCount "81"]

1.e4 e5 2.Nf3 Nc6 3.Bb5 a6 4.Ba4 Nge7 5.Nc3 d6 6.b4 Bd7 7.Bb3 Be6 8.Bxe6 
fxe6 9.Ng5 Qd7 10.Qf3 Ng6 11.Ne2 Nf4 12.Nxf4 exf4 13.Bb2 O-O-O 14.Qxf4 
Nxb4 15.O-O e5 16.Qf3 Be7 17.Nf7 Rhf8 18.Qb3 Rde8 19.Rab1 Nc6 20.f4 Na5 
21.Qd5 c6 22.Qxa5 Rxf7 23.fxe5 Bd8 24.Qb4 dxe5 25.d3 Qc7 26.Bc3 Rxf1+ 27.
Rxf1 Qb6+ 28.Qxb6 Bxb6+ 29.Kh1 Re7 30.Rf8+ Kd7 31.Bb4 c5 32.Ba3 Re8 33.
Rf7+ Re7 34.Rf8 Ke6 35.g3 Rf7 36.Re8+ Re7 37.Rc8 Kd7 38.Rf8 Re8 39.Rf7+ 
Re7 40.Rf8 Re8 41.Rf5 1/2-1/2

[Event "9th North Sea Cup"]
[Site "Esbjerg DEN"]
[Date "1984.07.??"]
[Round "10"]
[White "Csom, Istvan"]
[Black "Mestel, Andrew Jonathan"]
[Result "1/2-1/2"]
[WhiteElo "2500"]
[BlackElo "2545"]
[EventDate "1984.07.??"]
[PlyCount "33"]

1.d4 Nf6 2.c4 c5 3.d5 e6 4.Nc3 exd5 5.cxd5 d6 6.Nf3 g6 7.g3 Bg7 8.Bg2 O-O 
9.O-O a6 10.a4 Nbd7 11.Nd2 Rb8 12.Nc4 Qe7 13.Bf4 Ne8 14.a5 Ne5 15.Nxe5 
Bxe5 16.Bxe5 Qxe5 17.Qd2 1/2-1/2

[Event "9th North Sea Cup"]
[Site "Esbjerg DEN"]
[Date "1984.07.??"]
[Round "10"]
[White "Fries-Nielsen, Jens Ove"]
[Black "Mortensen, Erling"]
[Result "1-0"]
[WhiteElo "2380"]
[BlackElo "2445"]
[EventDate "1984.07.??"]
[PlyCount "73"]

1.e4 c5 2.Nf3 d6 3.d4 cxd4 4.Nxd4 Nf6 5.Nc3 e6 6.g4 Be7 7.g5 Nfd7 8.Rg1 
Nc6 9.Be3 a6 10.Rg3 Qc7 11.Qh5 g6 12.Qe2 Bf8 13.O-O-O Bg7 14.f4 O-O 15.f5 
Re8 16.f6 Bf8 17.Qf2 b5 18.Rh3 Nde5 19.Nxc6 Qxc6 20.Bf4 Ng4 21.Qh4 h5 22.
gxh6 Kh7 23.Be2 Ne5 24.Bxe5 dxe5 25.Qg5 b4 26.Nb1 Qc7 27.Nd2 Bb7 28.Bd3 
Bc5 29.Nf3 Red8 30.Nxe5 Bd6 31.Nxg6 fxg6 32.e5 Bxe5 33.Qxg6+ Kh8 34.f7 
Rxd3 35.Rhxd3 Bd5 36.Rg1 Qd8 37.Qg7+ 1-0

[Event "9th North Sea Cup"]
[Site "Esbjerg DEN"]
[Date "1984.07.??"]
[Round "10"]
[White "Karlsson, Lars"]
[Black "Hansen, Curt"]
[Result "1/2-1/2"]
[WhiteElo "2500"]
[BlackElo "2505"]
[EventDate "1984.07.??"]
[PlyCount "92"]

1.c4 e5 2.Nc3 Nf6 3.Nf3 Nc6 4.d3 g6 5.g3 Bg7 6.Bg2 O-O 7.O-O d6 8.Rb1 a5 
9.a3 Nd4 10.Nd2 c6 11.e3 Ne6 12.Nde4 Nxe4 13.dxe4 Qe7 14.Na4 Qc7 15.Qc2 
Nc5 16.Nxc5 dxc5 17.a4 Bg4 18.h3 Be6 19.b3 Rad8 20.Ba3 b6 21.Rbd1 Rxd1 22.
Rxd1 Rd8 23.Kh2 Rd6 24.Bf3 Rxd1 25.Qxd1 Qd7 26.Qe2 Kh8 27.Bb2 Kg8 28.Bc3 
Bh8 29.Bg2 Bg7 30.Bf1 Qd8 31.Qb2 Qd6 32.Be2 Bd7 33.h4 f6 34.Qc2 Bc8 35.Bf3
Be6 36.Qe2 Qd7 37.Kg1 Kf8 38.Qc2 Kg8 39.Kf1 Kf8 40.Ke1 Kg8 41.Be2 Kf8 42.
Bd2 Kg8 43.Bc3 Kf8 44.Qb2 Kg8 45.f4 Qd6 46.Qd2 Qxd2+ 1/2-1/2

[Event "9th North Sea Cup"]
[Site "Esbjerg DEN"]
[Date "1984.07.??"]
[Round "10"]
[White "Miles, Anthony John"]
[Black "Jakobsen, Ole"]
[Result "1-0"]
[WhiteElo "2565"]
[BlackElo "2435"]
[EventDate "1984.07.??"]
[PlyCount "59"]

1.d4 d5 2.c4 e6 3.Nc3 Be7 4.cxd5 exd5 5.Bf4 Nf6 6.e3 O-O 7.Bd3 c6 8.h3 Re8
9.Nf3 Nbd7 10.Qc2 Nf8 11.g4 Be6 12.O-O-O Rc8 13.Kb1 b5 14.Ng5 Qb6 15.Be5 
h6 16.Nxe6 Nxe6 17.Bf5 Nd7 18.Bxe6 fxe6 19.Qg6 Nxe5 20.dxe5 Bh4 21.g5 hxg5
22.Ne4 Re7 23.Nf6+ Kf8 24.Nh7+ Kg8 25.Rd4 c5 26.Rxh4 gxh4 27.Rg1 Qc7 28.
Ng5 Ree8 29.Qh7+ Kf8 30.Nxe6+ 1-0

[Event "9th North Sea Cup"]
[Site "Esbjerg DEN"]
[Date "1984.07.??"]
[Round "10"]
[White "Short, Nigel David"]
[Black "Kristiansen, Jens"]
[Result "1/2-1/2"]
[WhiteElo "2510"]
[BlackElo "2445"]
[EventDate "1984.07.??"]
[PlyCount "71"]

1.e4 c5 2.Nf3 Nc6 3.d4 cxd4 4.Nxd4 Nf6 5.Nc3 d6 6.Bg5 Bd7 7.Qd2 Rc8 8.
O-O-O Nxd4 9.Qxd4 Qa5 10.Bd2 g6 11.Kb1 Bg7 12.Nb5 Qd8 13.Nxa7 Rc5 14.Qb4 
O-O 15.f3 Qb8 16.Nb5 Rfc8 17.c3 d5 18.Be3 b6 19.Qb3 dxe4 20.Bxc5 bxc5 21.
Bc4 exf3 22.gxf3 Kf8 23.Rxd7 Nxd7 24.Bxf7 Nb6 25.Qe6 Qf4 26.Bxg6 hxg6 27.
Qxb6 Rb8 28.Qc6 Qc4 29.a4 Qxa4 30.Nd4 Qxc6 31.Nxc6 Rb6 32.Na5 Bxc3 33.Nc4 
Rb8 34.Kc2 Bd4 35.Re1 Kf7 36.Re2 1/2-1/2

[Event "9th North Sea Cup"]
[Site "Esbjerg DEN"]
[Date "1984.07.??"]
[Round "11"]
[White "Hansen, Curt"]
[Black "Fries-Nielsen, Jens Ove"]
[Result "1/2-1/2"]
[WhiteElo "2505"]
[BlackElo "2380"]
[EventDate "1984.07.??"]
[PlyCount "22"]

1.c4 Nf6 2.Nc3 d6 3.Nf3 g6 4.g3 Bg7 5.Bg2 O-O 6.O-O c6 7.d4 Bf5 8.Ne1 Qc8 
9.Qb3 Na6 10.e4 Be6 11.d5 Nc5 1/2-1/2

[Event "9th North Sea Cup"]
[Site "Esbjerg DEN"]
[Date "1984.07.??"]
[Round "11"]
[White "Jakobsen, Ole"]
[Black "Short, Nigel David"]
[Result "0-1"]
[WhiteElo "2435"]
[BlackElo "2510"]
[EventDate "1984.07.??"]
[PlyCount "100"]

1.Nf3 Nf6 2.c4 c5 3.Nc3 e6 4.g3 b6 5.Bg2 Bb7 6.O-O Be7 7.d4 cxd4 8.Qxd4 d6
9.Bg5 a6 10.Bxf6 Bxf6 11.Qf4 Bxf3 12.Bxf3 Ra7 13.Rfd1 Rd7 14.Rd3 Qc7 15.
Rad1 Be5 16.Qe3 Qxc4 17.Qxb6 O-O 18.b3 Qc8 19.Na4 Rc7 20.Qe3 Nd7 21.Bg2 d5
22.Nb6 Nxb6 23.Qxe5 Rc2 24.Qe3 Qc7 25.R3d2 Rc8 26.Rxc2 Qxc2 27.Qd2 Qxd2 
28.Rxd2 Rc1+ 29.Bf1 Kf8 30.Kg2 a5 31.e3 Ke7 32.Bd3 Kd6 33.Rc2 Rxc2 34.Bxc2
h6 35.Kf3 Kc5 36.a3 a4 37.bxa4 Nc4 38.Bh7 Nxa3 39.Bg8 Nc4 40.Ke2 Nd6 41.f4
Kb4 42.Kd3 Kxa4 43.Kd4 Kb5 44.g4 Kc6 45.h3 Kd7 46.f5 exf5 47.Kxd5 fxg4 48.
hxg4 Ke7 49.e4 Ne8 50.e5 Nc7+ 0-1